00149nam a2200073Ia 4500008004100000082000800041100000900049245001700058240331s9999 xx 000 0 und d bSAM aCWDS 0aSamya sakthi